| 000 | 00586nam a2200205 a 4500 | ||
|---|---|---|---|
| 005 | 20240501063701.0 | ||
| 008 | 991125s1992 mx 000 0 spa u | ||
| 020 | _a9684327080 | ||
| 035 | _aUPN01000052404 | ||
| 049 | _aCG | ||
| 050 | 4 |
_aPQ2435 _bR68p 1992 |
|
| 100 | 0 |
_aStendhal, _d1783-1842 _931043 |
|
| 245 | 1 | 0 |
_aRojo y Negro / _cStendal ; introd. de Francisco Montes de Oca. |
| 260 |
_aMéxico : _bPorrúa, _c1992. |
||
| 300 | _a314 p. | ||
| 440 | 0 |
_aColección sepan cuantos ; _v359 |
|
| 650 | 0 |
_aLiteratura francesa _95152 |
|
| 650 | 4 |
_aNovela francesa _98238 |
|
| 905 | _aLibro | ||
| 999 |
_c52404 _d52404 |
||